[Event "Philadelphia National op 38th"]
[Site "Philadelphia"]
[Date "2007.11.25"]
[Round "5"]
[White "Vertkin, Sergey"]
[Black "Stanley, Douglas E"]
[Result "1-0"]
[WhiteElo "2215"]
[BlackElo "2038"]
[PlyCount "95"]
[EventDate "2007.11.23"]
[EventType "swiss"]
[EventRounds "6"]
[EventCountry "USA"]
[SourceTitle "EXT 2012"]
[Source "ChessBase"]
[SourceDate "2011.11.24"]
[SourceVersion "1"]
[SourceVersionDate "2011.11.24"]
[SourceQuality "1"]

1. e4 c5 2. Nf3 Nc6 3. c4 g6 4. d4 cxd4 5. Nxd4 Nf6 6. Nc3 d6 7. Be2 Nxd4 8. Qxd4 Bg7 9. 0-0 0-0 10. Qd3 Be6 11. Bd2 Nd7 12. b3 a6 13. f4 Nc5 14. Qc2 Bd7 15. Rad1 Bc6 16. Bf3 b5 17. Be3 Qa5 18. Nd5 Bxd5 19. cxd5 Rac8 20. Qb1 b4 21. Be2 h6 22. Rc1 Bc3 23. h4 Kh7 24. h5 Qa3 25. hxg6+ fxg6 26. Bg4 Rb8 27. Rf2 Qa5 28. Rcf1 Qb5 29. f5 g5 30. f6 Qd3 31. Bxc5 Qxb1 32. Rxb1 dxc5 33. Bf5+ Kh8 34. fxe7 Rfe8 35. d6 Be5 36. Bg6 Bxd6 37. Bxe8 Rxe8 38. Rf6 Bxe7 39. Rxh6+ Kg7 40. Rxa6 Bf6 41. Re1 Bd4+ 42. Kf1 g4 43. Re2 g3 44. Ke1 Kf7 45. Kd2 Rc8 46. Kd3 Rc7 47. Rd6 Bc3 48. a4 1-0